00213nam a2200085Ia 450000100070000000500170000700800410002424500420006526000200010772402420250826163342.0250824s9999 xx 000 0 und d 0aİNSAN NE İLE YAŞARcL.N.TOLSTOY bBEYAN YAYINLARI